Otecka sa raz spýtal..

Bibliographic Details
Main Authors: Tóth, László (Author), V.K (Author, Translator)
Format: Article
Language:Slovak
Subjects:

MARC

LEADER 00000nab a2200000 a 4500
001 vtls000089234
003 SK-MaSNL
005 20260303032128.0
008 111103c1981 xo 0 slo
015 |a SNBRB19rr/mm-uuuuu 
035 |a CL0099337 
040 |a SNKBUCL  |b slo  |c SNKBUCL  |e AACR2 
041 0 |a slo 
044 |a xo  |c SK 
080 |a 894.511-1  |2 1981 
100 1 |a Tóth, László  |4 aut  |9 267649 
245 1 0 |a Otecka sa raz spýtal..  |c László Tóth ; V.K., V.K. 
650 0 7 |a básne humoristické  |2 snkbucl  |9 893934 
655 7 |a články z novín a časopisov  |2 snkbucl  |9 267496 
655 7 |a články z odboru literárna veda a krásna literatúra  |2 snkbucl  |9 770045 
700 1 |a V.K.  |4 aut  |9 859573 
700 1 |a V.K.  |4 trl  |9 859573 
773 0 |t Roháč  |g Roč. 34, č. 3 (1981), s. 6 
850 |a Slovenská národná knižnica v Martine  |a MTA001 
852 |a SNK  |b KIS3GCP 
958 |a RK 
958 |a LX 
992 |a RBX 
999 |c 1662421  |d 1664351